Imię na Literę "H" - Statystyki

Ogólne statystyki
  • Ten quiz został rozwiązany 608 razy
  • Średni wynik to 5 z 10
Statystyki odpowiedzi
Hint Odpowiedź % Poprawnych
1. Hanna
80%
7. Henryk
80%
2. Halina
77%
9. Hubert
67%
4. Helena
64%
5. Honorata
46%
3. Henryka
33%
8. Hieronim
31%
10. Hipolit
15%
6. Hektor
9%
Nie znaleziono quizów pasujących do podanych kryteriów
Rozkład punktacji
Procent ludzi z każdym wynikiem
Percentyl według liczby udzielonych odpowiedzi
Twoja historia wyników
Nie rozwiązałeś tego quizu